000 00604cam a2200217ua 4500
001 3749
008 111222n ii |||gr||||Z||||||asm
040 _cMAIN
082 _a909
100 _aSarma, Amio Kumar,
_eAuthor.
245 1 1 _aPrachin sabhyata
_cby Amio Kumar Sarma
250 _a1st.
260 _a[s.l]:
_bPublication ,981.
_aGuwahati:
_bPublication Board Assam,
300 _a193p:
_c23cm.
653 _aWorld History
653 _aPrachin sabhyata
700 _aBaruah, Devaprasad,
_eAuthor.
700 _aGoswami, Prafulla Dutta,
_eAuthor.
700 _aDutta, Lakshmiprasad,
942 _cBK
999 _c3575
_d3575